000 00694nam a2200253Ia 4500
003 OSt
005 20220918184721.0
006 a|||||r|||| 00| 0
007 ta
008 220917b |||||||| |||| 00| 0 eng d
024 _a47,672
037 _cTextual
040 _aARTS
_cARTS
_beng
041 _2eng
_aeng
082 _aP, L63
100 _aRozencvejg V Ju
_966424
245 0 _aLinguistic interference and covergent change
260 _aHague
_bMouton
_c1976
300 _a58p.
_ccm.
490 _aJanua Linguarum : Studia memoriae nicol van wijk dedicata; 99
650 _aLINGUISTICS
942 _hP, L63
_cTEXL
_2CC
999 _c177504
_d177504